Top 100 baby boy names Sweden 2015 - Statistics

General Stats
  • This quiz has been taken 542 times
  • The average score is 29 of 100
Answer Stats
Hint Answer % Correct
94 Alex
72%
36 Erik
72%
1 William
68%
81 Daniel
67%
85 David
64%
4 Oscar
64%
11 Alexander
62%
2 Lucas
62%
3 Liam
58%
7 Oliver
58%
61 Carl
56%
12 Noah
51%
52 Sam
51%
22 Viktor
51%
15 Adam
50%
62 Jacob
49%
79 John
49%
13 Leo
49%
29 Emil
47%
34 Anton
46%
25 Benjamin
46%
5 Elias
45%
74 Samuel
45%
72 Simon
44%
39 Gustav
43%
78 Sebastian
42%
46 Max
40%
19 Filip
39%
28 Theo
39%
9 Axel
38%
56 Henry
38%
43 Mohamed
38%
70 Felix
37%
30 Harry
37%
6 Hugo
37%
17 Nils
36%
20 Leon
35%
64 Jonathan
34%
48 Josef
34%
58 Kevin
34%
44 Gabriel
33%
26 Isak
33%
67 Jack
32%
31 Olle
30%
83 Joel
29%
10 Vincent
29%
38 Albin
27%
27 Alfred
27%
93 Linus
27%
89 Rasmus
27%
63 Frank
26%
95 Ali
25%
86 Aron
25%
8 Charlie
25%
76 Julian
23%
33 Theodor
23%
37 Adrian
22%
24 Edvin
22%
55 Loui
22%
53 Noel
22%
16 Arvid
21%
18 Elliot
21%
14 Ludvig
21%
50 Casper
19%
96 Edward
19%
77 Otto
19%
45 Alvin
17%
32 Love
17%
47 August
16%
91 Maximilian
16%
71 Ville
16%
73 Wilhelm
16%
21 Melvin
15%
82 Ivar
14%
65 Matteo
14%
40 Melker
14%
68 Milo
14%
100 Levi
13%
41 Malte
12%
51 Colin
11%
80 Elis
11%
35 Sixten
11%
23 Valter
11%
49 Viggo
11%
75 Vilgot
11%
57 Wilmer
11%
90 Eddie
10%
87 Hjalmar
10%
54 Loke
10%
97 Ture
10%
66 Milton
9%
99 Folke
7%
84 Tage
7%
42 Ebbe
6%
69 Elton
6%
88 Kian
6%
59 Sigge
6%
60 Vidar
6%
92 Algot
5%
98 Elvin
4%
No matching quizzes found
Score Distribution
Percent of People with Each Score
Percentile by Number Answered
Your Score History
You have not taken this quiz